| 000 | 01094nam a2200265Ia 4500 | ||
|---|---|---|---|
| 003 | OSt | ||
| 005 | 20221005110328.0 | ||
| 006 | a|||||r|||| 00| 0 | ||
| 007 | ta | ||
| 008 | 221004b |||||||| |||| 00| 0 hin d | ||
| 020 |
_a818656585X (hbk) _c150 |
||
| 024 | _a97686 | ||
| 037 |
_b451, 25/03/2009, Swaraj Prakashan _cTextual |
||
| 040 |
_aCRL _cCRL _bhin |
||
| 041 |
_2hin _ahin |
||
| 082 | _aV2:51.N, 152P2 | ||
| 100 | _aसीता राम सिंह | ||
| 245 | 0 | _aभारत का स्वतंत्रता संघर्ष | |
| 246 | _aBhārat kā svatantratā sangharṣha | ||
| 260 |
_aनई दिल्ली _bअनामिका पब्लिशर्स एण्ड डिस्ट्रीब्यूटर्स भारत _c2002 |
||
| 300 |
_a117पृ0 _ccm. |
||
| 700 | _a खान, एन. ए., शाहिद, अनु. | ||
| 942 |
_hV2:51.N, 152P2 _cTEXL _2cc |
||
| 999 |
_c1018468 _d1018468 |
||